00653nam a2200181Ia 4500008004000000020001800040082001500058100001600073245005500089260003800144300001100182650004500193690002200238700002000260906001100280999001900291952016100310210210b1996 xxu||||| |||| 00| 0 eng d a0 333 60170 X a820.9 PECJ aPECK (John) aJoseph Conrad: New casebooks ed by Elaine Jordan. aLondonbMacmillan Press Ltdc1996 aix,227 aJoseph Conrad critical Essays Case Books aEnglish Criticism aCOYLE (Martin). a056031 c103559d103559 001040708EnglishaALbALcEnglish Literatured2021-02-17eSita Book House, Mangalore.g310.00l0o820.9 PECJp056031r2021-02-17 00:00:00w2021-02-17yBK